| 000 | 00558cam a22002171 4500 | ||
|---|---|---|---|
| 001 | sa 68011873 | ||
| 003 | DLC | ||
| 005 | 20260227112605.0 | ||
| 008 | 890514r1966uuuuio 000 0 dut | ||
| 010 | _asa 68011873 | ||
| 035 | _a(OCoLC)23397045 | ||
| 040 |
_aDLC _cMiU _dDLC |
||
| 042 | _apremarc | ||
| 050 | 0 | 0 |
_aBP188.3.M3 _bH3 1966 |
| 100 | 1 | _aHassan, ʻAbbas. | |
| 245 | 1 | 0 | _aBeginilah tjara beristeri. |
| 250 | _a[Tjet 2.] | ||
| 260 |
_aDjakarta, _bBakti Pustaka _c[1966] |
||
| 300 |
_a117 p. _c18 cm. |
||
| 650 | 0 |
_aMarried people _xReligious life |
|
| 999 |
_c84165 _d84165 |
||